Statistics for Yet another broadly general quiz.

Click here to take the quiz!

General Stats

  • This quiz has been taken 18 times
  • The average score is 5 of 15

Answer Stats

HintAnswer% Correct
Henry VIII had six wives. How many were executed?3
100%
Who plays James Bond in Skyfall?Daniel Craig
76%
In which country is Le Mans?France
71%
Taking into account the absolute definition of desert. Where is the largest desert on Earth?Antarctica
65%
The mathematical functions of sine, cosine and tangent are taught in which branch of mathematics?Trigonometry
59%
In which city was the RMS Titanic built?Belfast
53%
In what location do movie premieres usually happen in London?Leicester Square
29%
Before Istanbul, it was Constantinople. What was it before that?Byzantium
24%
What is the name of the Le Mans racing circuit?Circuit de la Sarthe
12%
Talking of Thomases and being executed for opposing the king, which king's followers executed Thomas Becket in 1170?Henry II
6%
Who is Daniel Craig married to?Rachel Weisz
6%
Talking of Henry VIII. Which of his close counselors did he execute for failing to take the Oath of Supremacy?Sir Thomas More
6%
In the Bond movie Skyfall, what is the registration plate of his Aston Martin DB5?BMT 216A
0%
^ Which building in Madrid is #1?El Escorial Palace
0%
Aberdeen Scotland is known as the Granite City. What building in the city center is the world's second largest granite building?Marischal College
0%

Score Distribution

Percentile by Number Answered

Percent of People with Each Score

Your Score History

You have not taken this quiz